000 00620nam a2200181 4500
003 LK-CoMWRAF
005 20240217003530.0
008 231210b |||||||| |||| 00| 0 eng d
020 _a9789556250381
040 _aLK-CoMWRAF
_dLK-CoMWRAF
_eLK-CoMWRAF
041 _atam
082 _a297.27
_bMAK
100 _aமக்கி, ஏ. ஏம். முகம்மட்
245 _aகாதி நீத்பத்களுக்கான ஒமுக்காற்று விமிகள்
260 _aColombo :
_bMuslim Women's Research and Action Forum - MWRAF,
_c2011
300 _a20 p.
942 _cBK
999 _c4328
_d4328